[Event "Mitropa Cup 21st"]
[Site "Leipzig"]
[Date "2002.05.11"]
[Round "9.4"]
[White "Sprenger, Jan Michael"]
[Black "Kuba, Guenter"]
[Result "1-0"]
[WhiteElo "2468"]
[BlackElo "2317"]
[Annotator "Bangiev"]
[PlyCount "31"]
[EventDate "2002.05.03"]
[EventType "team-tourn"]
[EventRounds "9"]
[EventCountry "GER"]
[Source "ChessBase"]
[SourceDate "2002.08.12"]
[WhiteTeam "Germany"]
[BlackTeam "Austria"]
[WhiteTeamCountry "GER"]
[BlackTeamCountry "AUT"]

1. e4 e5 2. f4 d5 3. exd5 c6 4. Nc3 exf4 5. Nf3 Bd6 6. d4 Ne7 7. Bc4 O-O 8. O-O
Bg4 9. dxc6 Nbxc6 10. Ne4 Rc8 {Dieser Zug mit der Idee Bb8, stellt eine gute
Alternative zur Hauptvariante dar.} (10... Bc7 {ist die Hauptvariante}) (10...
Re8 $2 11. Bxf7+ $18) 11. c3 (11. Bxf7+ Kxf7 12. Nfg5+ Kg8 13. Qxg4 $18) 11...
Bxf3 $6 {Schwarz beginnt damit eine taktische Aktion (die stellt in derartigen
Positionen ein typisches Motiv dar), mit dem Ziel, die weißen Figuren
verdrängen zu können; sie wurde aber nicht ausreichend bzw. fehlerfrei
durchgerechnet.} (11... Bb8 $142) 12. Rxf3 Ne5 $6 {Der Schlüsselzug der Idee
11...Bf3} 13. Rh3 $1 $16 {Es droht Nf6+! gefolgt von Qh5. Der ungedeckte Bc4
ist deswegen unschlagbar, also hat die Idee 11...Bxf3, 12...Ne5 sein Ziel
verfehlt.} (13. dxe5 $2 Bc5+) (13. Nxd6 Nxf3+ 14. Qxf3 Qxd6 15. Bxf4 Qc6 $15)
13... f3 {um die Drohung Qh5 zu blockieren.} (13... Nxc4 14. Nf6+ $1 {Es
scheint, dass Schwarz diese taktische Widerlegung übersehen hatte.} gxf6 15.
Qh5 $18) (13... Rxc4 14. Nf6+ $1 gxf6 15. Qh5 $18) 14. Bb3 $1 {Der Pf3 geht
nun verloren, der weiße Angriff am Königsflügel ist nicht zu stoppen.} Nc4 (
14... fxg2 15. Qh5 $18) (14... f2+ 15. Kxf2 N5g6 16. Qh5 h6 17. Nf6+ $18) 15.
Qxf3 h6 (15... Ng6 16. Qh5 (16. Bg5 Be7 17. Qh5 h6 18. Bxh6 gxh6 19. Qxh6)
16... h6 17. Bxh6 gxh6 18. Qxh6 $18) 16. Bxh6 $1 1-0

[Event "Mitropa Cup 21st"]
[Site "Leipzig"]
[Date "2002.05.11"]
[Round "9.1"]
[White "Stevic, Hrvoje"]
[Black "Borgo, Giulio"]
[Result "0-1"]
[WhiteElo "2523"]
[BlackElo "2418"]
[Annotator "Mueller,Karsten"]
[PlyCount "110"]
[EventDate "2002.05.03"]
[EventType "team-tourn"]
[EventRounds "9"]
[EventCountry "GER"]
[Source "ChessBase"]
[SourceDate "2002.08.12"]
[WhiteTeam "Croatia"]
[BlackTeam "Italy"]
[WhiteTeamCountry "CRO"]
[BlackTeamCountry "ITA"]

1. e4 d5 2. exd5 Qxd5 3. Nc3 Qd6 4. d4 Nf6 5. Bc4 a6 (5... Qc6 $4 6. Bb5 $18)
6. Nf3 b5 7. Bb3 c5 8. dxc5 (8. a4 $5 {Dies könnte ein kritischer Test für ...
c5 sein.} b4 (8... c4 9. Ba2 Nd5 10. Ne4 Qg6 11. Qe2 $13) (8... cxd4 9. Qxd4
Qxd4 10. Nxd4 b4 11. Nd5 Nxd5 12. Bxd5 Ra7 13. Be3 Rd7 14. Bf3 $14) 9. Ne2 e6
10. Bf4 Qd8 $14 {1/2-1/2 Hamdouchi,H-Kurajica,B/Villarrobledo ESP 2000/The
Week in Chess 302 (48).  (47)}) 8... Qxd1+ 9. Nxd1 (9. Kxd1 e6 10. Be3 Bb7 $11
{1-0 Pina,S-Xu Yuanyuan/Moscow RUS 2001/The Week in Chess 369 (18)}) 9... e6 {
Die vorliegende Partie bestätigt, dass dieses Endspiel Weiß keinen Vorteil
verspricht.} 10. a4 (10. c3 Bxc5 11. Be3 Nbd7 $11 {0-1 Sirigos,N-Tzermiadianos,
A/Katerini GP 1993/TD 93\09 (57).  (57)}) (10. Be3 Nfd7 11. c3 Nxc5 12. Bc2 Bb7
13. b4 Ne4 14. a4 Nd7 $11 {/+/= 1-0 Baklan,V-Arencibia,W/Yerevan ARM 2001/The
Week in Chess 362 (38)}) (10. O-O Bxc5 11. Ne5 Nbd7 12. Nd3 a5 13. a4 b4 14.
Be3 Bxe3 15. Nxe3 Ba6 $15 {0-1 Manolov,I-Dorfman,J/Elenite 1992/CBM 32 (40).  
(40)}) 10... b4 11. a5 Ne4 $11 {/=/+} 12. Ba4+ Bd7 13. Bxd7+ Nxd7 14. c6 Ndc5
15. b3 Rc8 16. Ne5 f6 17. Nc4 Rxc6 18. f3 Nd6 19. Nde3 Nxc4 20. Nxc4 Nb7 21.
Ra4 {ein sehr verpflichtender Zug. Denn wenn es Weiß nicht gelingt, den Bauern
b4 zu erobern, kann der Turm schnell aufs Abstellgleis geraten.} Rc5 ({Nach} 
21... Nc5 {müsste der Turm mit} 22. Ra1 {wieder den Rückzug antreten, denn} (
22. Rxb4 $2 {scheitert an} Nd3+ $17)) 22. Bd2 Rb5 23. Ke2 Be7 24. Be3 h5 25.
Rd1 h4 26. h3 Rhh5 27. Rd4 Rbd5 28. Rg4 Kf7 29. Bf2 Nxa5 (29... g5 $5 30. Rd4
Rxd4 31. Bxd4 Rh8 {kam auch in Betracht.}) 30. Nxa5 Rxa5 31. Rxa5 Rxa5 32. Rxh4
Ra2 33. Rc4 a5 34. Rc7 Ke8 35. Kd3 a4 36. bxa4 b3 37. a5 $6 {bringt Weiß in
Gefahr.} (37. Be3 bxc2 (37... Kd8 $6 38. Bb6 b2 39. Rc5+ Kd7 40. Rb5 Ba3 41.
Bd4 $14) 38. Rxc2 Rxa4 $11) 37... Bb4 38. Rb7 $1 (38. cxb3 $2 Rxf2 39. a6 Rd2+
40. Ke4 f5+ 41. Ke3 Ra2 42. Rxg7 Rxa6 $17) 38... bxc2 39. Be3 Bxa5 40. Ra7 $2 (
40. Bc1 {war besser. Nun sollte die weiße Stellung haltbar sein.}) 40... Ra3+
$1 $19 {wickelt in ein gewonnenes Turmendspiel ab.} 41. Kxc2 Rxe3 42. Rxa5 Re2+
43. Kd3 Rxg2 44. Ra7 Kf8 45. h4 Kg8 46. Ke3 e5 47. Ra4 Kh7 48. Rb4 (48. Ke4 Kg6
49. Ra8 Re2+ 50. Kd3 Rh2 51. Rh8 Kf5 52. Ke3 Rh3 53. h5 e4 $19) 48... Rh2 49.
Ra4 Kh6 50. Rb4 (50. Rg4 g6 51. Ra4 Kh5 52. Ra6 f5 53. Re6 f4+ 54. Kd3 Rf2 55.
Rxe5+ Kxh4 56. Ke4 g5 57. Ra5 g4 $19) 50... Kh5 51. Rb7 Rg2 52. Rb4 g6 53. Ra4
(53. Rb6 f5 54. Re6 f4+ 55. Ke4 (55. Kd3 Kxh4 56. Rxe5 Kg3 $19) 55... Re2+ 56.
Kd5 Re3 57. Ra6 (57. Rxe5+ Kxh4 58. Kd4 Rxe5 59. Kxe5 Kg3 60. Ke4 g5 $19) 57...
g5 58. hxg5 Kxg5 59. Ra8 Rxf3 60. Kxe5 (60. Rg8+ Kf6 61. Rf8+ Ke7 62. Rg8 Re3
$19) 60... Re3+ 61. Kd4 Kg4 62. Rg8+ Kh3 63. Rf8 Kg3 64. Rg8+ Kf2 65. Ra8 f3
$19) 53... f5 54. Ra5 f4+ 55. Ke4 Re2+ (55... Re2+ 56. Kd3 Re3+ 57. Kd2 Kxh4
$19) 0-1

[Event "Mitropa Cup 21st"]
[Site "Leipzig"]
[Date "2002.05.11"]
[Round "9.2"]
[White "Sedina, Elena"]
[Black "Golubovic, Boris"]
[Result "1-0"]
[WhiteElo "2407"]
[BlackElo "2462"]
[PlyCount "115"]
[EventDate "2002.05.03"]
[EventType "team-tourn"]
[EventRounds "9"]
[EventCountry "GER"]
[Source "ChessBase"]
[SourceDate "2002.08.12"]
[WhiteTeam "Italy"]
[BlackTeam "Croatia"]
[WhiteTeamCountry "ITA"]
[BlackTeamCountry "CRO"]

1. e4 c5 2. Nf3 Nc6 3. Bb5 g6 4. O-O Bg7 5. c3 Nf6 6. Re1 O-O 7. e5 Nd5 8. d4
cxd4 9. cxd4 Nc7 10. Nc3 Nxb5 11. Nxb5 a6 12. Nc3 d6 13. exd6 exd6 14. Bg5 f6
15. Be3 Kh8 16. h3 g5 17. d5 Ne5 18. Nxe5 dxe5 19. Ne4 Bf5 20. f3 Bg6 21. Qb3
Bxe4 22. fxe4 Qd7 23. Rac1 g4 24. hxg4 Qxg4 25. Rc7 Rg8 26. Qc2 Rac8 27. d6
Rcd8 28. Rd1 Bf8 29. d7 Be7 30. Rxb7 Qg3 31. Qd2 Qg4 32. Qc2 Qg3 33. Bb6 Rdf8
34. Qe2 Bd8 35. Bxd8 Rxd8 36. Rb3 Qg7 37. Rbd3 Qf7 38. a3 Qc4 39. Qf3 Qc5+ 40.
Qf2 Qxf2+ 41. Kxf2 Kg7 42. Rg3+ Kf7 43. Rxg8 Kxg8 44. b4 Kf7 45. Kf3 Ke7 46. a4
h5 47. b5 axb5 48. axb5 Ke6 49. b6 Rxd7 50. Rxd7 Kxd7 51. Kg3 Kc6 52. Kh4 Kxb6
53. Kxh5 Kc5 54. Kg6 Kd4 55. Kf5 Ke3 56. g4 Kf3 57. Kxf6 Kxe4 58. g5 1-0

[Event "Mitropa Cup 21st"]
[Site "Leipzig"]
[Date "2002.05.11"]
[Round "9.4"]
[White "Isonzo, Davide"]
[Black "Brkic, Ante"]
[Result "1/2-1/2"]
[WhiteElo "2360"]
[BlackElo "2306"]
[PlyCount "46"]
[EventDate "2002.05.03"]
[EventType "team-tourn"]
[EventRounds "9"]
[EventCountry "GER"]
[Source "ChessBase"]
[SourceDate "2002.08.12"]
[WhiteTeam "Italy"]
[BlackTeam "Croatia"]
[WhiteTeamCountry "ITA"]
[BlackTeamCountry "CRO"]

1. e4 c5 2. Nf3 d6 3. d4 cxd4 4. Nxd4 Nf6 5. Nc3 g6 6. Be3 Bg7 7. f3 O-O 8. Qd2
Nc6 9. Bc4 Bd7 10. O-O-O Rc8 11. Bb3 Ne5 12. h4 h5 13. Bg5 Re8 14. Kb1 Rc5 15.
Bh6 Bh8 16. g4 hxg4 17. h5 Nxh5 18. Rxh5 Nc4 19. Bxc4 Rxh5 20. fxg4 Bxg4 21.
Rf1 e6 22. Qe3 Be5 23. Qf2 Rf8 1/2-1/2

[Event "Mitropa Cup 21st"]
[Site "Leipzig"]
[Date "2002.05.11"]
[Round "9.1"]
[White "Kortschnoj, Viktor"]
[Black "Ruck, Robert"]
[Result "1/2-1/2"]
[WhiteElo "2635"]
[BlackElo "2569"]
[Annotator "Krasenkow,M"]
[PlyCount "70"]
[EventDate "2002.05.03"]
[EventType "team-tourn"]
[EventRounds "9"]
[EventCountry "GER"]
[Source "ChessBase"]
[SourceDate "2002.08.12"]
[WhiteTeam "Switzerland"]
[BlackTeam "Hungary"]
[WhiteTeamCountry "SUI"]
[BlackTeamCountry "HUN"]

1. d4 Nf6 2. c4 g6 3. Nc3 d5 4. Nf3 Bg7 5. cxd5 Nxd5 6. e4 Nxc3 7. bxc3 c5 8.
Be3 Qa5 9. Bd2 O-O 10. Be2 Bg4 11. O-O e6 12. a4 cxd4 13. cxd4 Qd8 14. Bg5 Qd6
15. Rb1 Bxf3 16. Bxf3 Qxd4 17. Qxd4 Bxd4 18. Rxb7 Nc6 19. Rc7 {An attempt of
improvement. With his pair of bishops, White can obtain winning chances in the
endgame with minor pieces only although the symmetrical pawn structure
diminishes his possibilities.} (19. Rd1 Rac8 20. Rd7 Bb6 21. Bf6 Na5 22. g3 Rc4
23. h4 Rxa4 24. h5 Ra2 25. R7d2 Rxd2 26. Rxd2 Rc8 27. hxg6 hxg6 28. Bd1 Rc4 29.
Kg2 Rxe4 30. Be2 Nc4 31. Rc2 Nd6 32. Bd3 Rd4 33. Bxd4 {1/2-1/2 Eljanov,
P-Macieja,B/Moscow 2002/CBM 88 (33)}) 19... Rac8 20. Rxc8 Rxc8 21. Rc1 Ne7 22.
Be2 Rxc1+ 23. Bxc1 $14 Bc5 24. Bb5 Nc8 25. Bb2 Nd6 26. Bd3 Kf8 27. g4 $6 {Not
good! This gives Black a tactical possibility to equalize. White should first
move his king towards the centre before starting a concrete plan.} f5 $1 28.
exf5 (28. gxf5 exf5 29. e5 $6 Ne4 $1 30. Bxe4 fxe4 {gives winning chances to
Black.}) ({or} 28. e5 $6 Ne4 29. Bxe4 fxe4 {and the black king arrives to d5
in-time.}) 28... exf5 29. gxf5 Nxf5 {With a limited number of pawns and his
destroyed pawn structure White has no winning chances anymore.} 30. Kg2 Ke7 31.
Kf3 Ke6 32. Bc4+ Ke7 33. Be5 Nd6 34. Ba2 Nf5 35. h3 Bb6 1/2-1/2

[Event "Mitropa Cup 21st"]
[Site "Leipzig"]
[Date "2002.05.11"]
[Round "9.2"]
[White "Berkes, Ferenc"]
[Black "Jenni, Florian"]
[Result "1-0"]
[WhiteElo "2511"]
[BlackElo "2508"]
[Annotator "Ribli"]
[PlyCount "73"]
[EventDate "2002.05.03"]
[EventType "team-tourn"]
[EventRounds "9"]
[EventCountry "GER"]
[Source "ChessBase"]
[SourceDate "2002.08.12"]
[WhiteTeam "Hungary"]
[BlackTeam "Switzerland"]
[WhiteTeamCountry "HUN"]
[BlackTeamCountry "SUI"]

1. d4 Nf6 2. c4 e6 3. g3 d5 4. Bg2 Be7 5. Nf3 O-O 6. Qc2 {Dieser Zug wird
selten gespielt. Ich muss allerdings anmerken, dass die Varianten mit 6...dxc4
weniger gut für Schwarz sind.} Nbd7 {Mit dem Textzug (oder mit 6...c6) wählt
Schwarz die sogenannte Geschlossene Variante.} (6... dxc4 7. Qxc4 (7. Nbd2 $14
b5 $2 8. a4 c6 9. axb5 cxb5 10. Ng5 $18) 7... a6 8. Bf4 $14) (6... c5 $1 {Das
ist die beste Möglichkeit für Schwarz, hier hat er ausgezeichnete Chancen auf
Ausgleich.} 7. dxc5 (7. cxd5 cxd4 {Nach diesem Zug hat Schwarz mindestens
gleiche Chancen.}) 7... Qa5+) 7. O-O c6 8. Bf4 {Dieser Läuferzug ist nicht
schlecht, aber meiner Meinung nach bietet 8.b3 Weiß bessere Chancen.} b6 9.
cxd5 {In unserer Partie ist Wei0 mit diesem Zug zwar erfolgreich., aber es ist
doch eine genügsame Fortsetzung. Die Alternativen (9.Nbd2 oder 9.Rd1) halten
die Spannung aufrecht.} cxd5 10. Nc3 (10. Bc7 Qe8 11. Nc3 Bb7 12. Rfc1 Rc8 13.
Bf4 $11 (13. Nb5 $6 Nc5 $1 14. a4 Na6 $15)) 10... Ba6 {Der einfache Läuferzug
10...Bb7 wäre m.E. sicherer für Schwarz.} (10... Bb7 $5 11. Rfc1 Rc8 12. Qb3 (
12. Qd1 Ne8 13. Rc2 g5 14. Bd2 Nd6 15. Rac1 f6 16. Ne1 f5 17. Nd3 Re8 $11 {
Andersson,U-Bareev,E  Ubeda 1997 Remis  (27)}) 12... a6 13. a4 Rc4 14. Na2
Rxc1+ 15. Rxc1 Qa8 16. Ne5 Rc8 $11 {Ortega Ruiz,J-Sorokin,M Linares Anibal op 
2000  0-1 (59)}) 11. Rac1 (11. Rfc1 Qc8 12. Ne5 Qb7 13. e4 Rac8 14. exd5 Nxe5
15. Bxe5 Nxd5 16. Qd2 Qd7 17. Nxd5 exd5 18. h4 Rxc1+ 19. Rxc1 Rc8 $11 {
Khalifman,A-Janjgava,L URS-ch sf 1988   Remis (40)}) 11... b5 $5 {Dieser Zug
ist ein wenig unnatürlich aber nicht schlecht - in der Folge kann Schwarz
b5-b4 ziehen und damit verhindern, dass der Ba6 eingeschlossen wird.} 12. a3
Rc8 $2 (12... b4 $142 $1 13. axb4 Bxb4 $11) 13. Qd3 $1 $14 {Jetzt hängt der
Pb5, und Weiß kann seinen positionellen Plan (b2-b4) doch noch realisieren.} (
13. b4 Nb6 {[%cal Gb6c4]}) 13... Nb6 $2 (13... Qa5 $6 14. b4 Qxa3 $2 15. Nxd5
$1 Bxb4 16. Nxb4 Qxb4 17. Ra1 Bb7 18. Rfb1 Qc4 (18... Qe7 19. Qxb5 $16) 19.
Qxc4 Rxc4 20. Nd2 $16) (13... Qb6 $8 14. b4 $14 {[%csl Ra6,Yc5][%cal Gf3d2,
Gd2b3,Gb3c5]}) 14. a4 $1 (14. Nxb5 $2 Qd7 $19) 14... Nc4 15. axb5 $16 {Weiß
hat einfach einen Bauern mehr.} Bb7 16. b3 {Der Textzug vertreibt den stolzen
Nc4.} Nd6 17. Na4 {[%cal Ga4c5]} Nfe4 18. Ne5 {[%csl Yc6][%cal Ge5c6]} (18. Nc5
$16) 18... Qa5 19. Nc6 Bxc6 20. bxc6 {[%csl Gc6] Der weiße Pc6 ist sehr stark.}
Rc7 21. f3 $1 {Weiß bereitet mit diesem Zug die Öffnung der Stellung mittels
e2-e4 vor.} Nf6 22. e4 Nh5 23. Be3 g6 {Schwarz muss so spielen, ansonsten
kommt Weiß mit 24.e5 und 25.g4.} 24. Rfd1 Rfc8 25. exd5 exd5 26. Bh3 $1 {[%csl
Gh3][%cal Rh3c8]} f5 27. Bd2 {Dieser Zug kommt mit Tempo, anschließend besetzt
Weiß die e-Linie.} Qb5 28. Qe3 $1 {[%csl Ye6][%cal Ge3e6]} Bf6 29. Bf1 Qb8 30.
Qe6+ $18 {Das Eindringen der weißen Dame nach e6 entscheidet die Partie.} Nf7
31. Ba5 (31. Qxd5 $18) 31... Qxb3 32. Nc5 (32. Bxc7 Rxc7 33. Qe8+ Kg7 34. Nc5
Qb6 35. Ne6+ Kh6 36. Nxc7 $18) 32... Qb2 33. Bxc7 Bxd4+ (33... Rxc7 34. Qe8+
Kg7 35. Ne6+ $18) 34. Rxd4 (34. Kh1 $18) 34... Qxd4+ 35. Kh1 Ra8 36. Nb3 (36.
Bb8 Rxb8 37. c7 Rf8 38. c8=Q $18) 36... Qf2 37. Qe2 1-0

[Event "Mitropa Cup 21st"]
[Site "Leipzig"]
[Date "2002.05.11"]
[Round "9.4"]
[White "Czebe, Attila"]
[Black "Moor, Olivier"]
[Result "1/2-1/2"]
[WhiteElo "2462"]
[BlackElo "2346"]
[PlyCount "81"]
[EventDate "2002.05.03"]
[EventType "team-tourn"]
[EventRounds "9"]
[EventCountry "GER"]
[Source "ChessBase"]
[SourceDate "2002.08.12"]
[WhiteTeam "Hungary"]
[BlackTeam "Switzerland"]
[WhiteTeamCountry "HUN"]
[BlackTeamCountry "SUI"]

1. e4 e6 2. Qe2 c5 3. Nf3 Nc6 4. g3 g6 5. Bg2 Bg7 6. O-O Nge7 7. c3 e5 8. a3 a5
9. a4 O-O 10. Na3 d6 11. Nb5 h6 12. d4 cxd4 13. cxd4 Nxd4 14. Nfxd4 exd4 15.
Bf4 Ra6 16. h4 d5 17. Bc7 Qd7 18. e5 Re8 19. Qd2 Rc6 20. Bxa5 Nf5 21. Nxd4 Nxd4
22. Qxd4 Bxe5 23. Qd2 b6 24. Bb4 Rc4 25. Rfe1 Rd4 26. Qc3 Re4 27. Qb3 Rxe1+ 28.
Rxe1 Bb7 29. Bd2 Bd4 30. Rxe8+ Qxe8 31. Be3 Bxe3 32. fxe3 Qc6 33. Qd1 Qe6 34.
Qd4 Qc6 35. Kh2 Qc5 36. b4 Qxd4 37. exd4 Kf8 38. Bf1 Ke7 39. Kg2 g5 40. Kf3 f5
41. Bd3 1/2-1/2

[Event "Mitropa Cup (Women) 1st"]
[Site "Saint Vincent"]
[Date "2002.09.28"]
[Round "1"]
[White "Cedikova, Katerina"]
[Black "Kaps, Darja"]
[Result "1/2-1/2"]
[WhiteElo "2198"]
[BlackElo "2229"]
[PlyCount "73"]
[EventDate "2002.09.28"]
[EventType "team-tourn"]
[EventRounds "9"]
[EventCountry "ITA"]
[Source "ChessBase"]
[SourceDate "2002.11.07"]

1. d4 Nf6 2. c4 g6 3. Nc3 Bg7 4. e4 d6 5. f3 c6 6. Be3 a6 7. Nge2 b5 8. c5 dxc5
9. dxc5 O-O 10. Nd4 Qc7 11. Qc2 Rd8 12. Nb3 Be6 13. Be2 Nbd7 14. O-O Bxb3 15.
axb3 a5 16. f4 e5 17. f5 Bf8 18. Kh1 Ne8 19. Nd1 Ndf6 20. g4 Qe7 21. Nf2 Nd7
22. g5 Nc7 23. Ng4 Na6 24. Nf6+ Kh8 25. Bg4 Naxc5 26. Nxd7 Nxd7 27. Qxc6 Qb4
28. fxg6 Rac8 29. Qb7 fxg6 30. Bxd7 Rxd7 31. Qxc8 Qxe4+ 32. Kg1 Qxe3+ 33. Kh1
Qe4+ 34. Kg1 Qe3+ 35. Kh1 Qe4+ 36. Kg1 Qe3+ 37. Kh1 1/2-1/2

[Event "Mitropa Cup (Women) 1st"]
[Site "Saint Vincent"]
[Date "2002.09.28"]
[Round "1"]
[White "Helm, Leonie"]
[Black "Medic, Mirjana"]
[Result "1/2-1/2"]
[WhiteElo "2242"]
[BlackElo "2279"]
[PlyCount "97"]
[EventDate "2002.09.28"]
[EventType "team-tourn"]
[EventRounds "9"]
[EventCountry "ITA"]
[Source "ChessBase"]
[SourceDate "2002.11.07"]

1. e4 e6 2. d4 d5 3. Nc3 dxe4 4. Nxe4 Bd7 5. Nf3 Bc6 6. Bd3 Bxe4 7. Bxe4 c6 8.
O-O Nf6 9. Bd3 Bd6 10. c4 Nbd7 11. b3 O-O 12. Bb2 Qc7 13. Qc2 Rfe8 14. Rfe1
Rad8 15. Rad1 Nf8 16. a3 Ng6 17. g3 a5 18. Kg2 Nf8 19. Ng5 Be7 20. h4 h6 21.
Nf3 N6d7 22. Qe2 c5 23. Bc2 Bf6 24. Bc1 a4 25. b4 cxd4 26. Nxd4 Nb6 27. Nb5
Qxc4 28. Qxc4 Nxc4 29. Bxa4 Rxd1 30. Bxd1 Ng6 31. Bb3 Nce5 32. Rd1 Rc8 33. Be3
Ne7 34. Bc5 Nf5 35. a4 g5 36. hxg5 hxg5 37. a5 Kg7 38. Bc2 Be7 39. Na7 Ra8 40.
Bxe7 Nxe7 41. Nb5 Nd5 42. Be4 Nxb4 43. Nd6 Rxa5 44. Rb1 Na6 45. Nxb7 Ra2 46.
Rb5 Kf6 47. Bb1 Ra1 48. Nd6 Nd7 49. Ne4+ 1/2-1/2

[Event "Mitropa Cup (Women) 1st"]
[Site "Saint Vincent"]
[Date "2002.09.28"]
[Round "1"]
[White "Krivec, Jana"]
[Black "Hitzgerova, Gabriela"]
[Result "1/2-1/2"]
[WhiteElo "2253"]
[BlackElo "2230"]
[PlyCount "67"]
[EventDate "2002.09.28"]
[EventType "team-tourn"]
[EventRounds "9"]
[EventCountry "ITA"]
[Source "ChessBase"]
[SourceDate "2002.11.07"]

1. e4 c5 2. Nf3 d6 3. d4 cxd4 4. Nxd4 Nf6 5. Nc3 Nc6 6. Bc4 e6 7. Bb3 a6 8. O-O
Be7 9. Kh1 O-O 10. f4 Nxd4 11. Qxd4 Qc7 12. f5 Ng4 13. fxe6 fxe6 14. Rxf8+ Bxf8
15. Bf4 Kh8 16. Rf1 Bd7 17. h3 Ne5 18. Bxe5 dxe5 19. Qf2 Qc5 20. Qxc5 Bxc5 21.
Rd1 Bc6 22. Bxe6 Bd4 23. Bd5 Rf8 24. Bxc6 bxc6 25. Na4 h5 26. c3 Be3 27. Re1
Ba7 28. a3 Rf2 29. g3 Kh7 30. h4 Rf3 31. Kg2 Rf2+ 32. Kh1 Rf3 33. Kg2 Rf2+ 34.
Kh1 1/2-1/2

[Event "Mitropa Cup (Women) 1st"]
[Site "Saint Vincent"]
[Date "2002.09.28"]
[Round "1"]
[White "Macek, Vlasta"]
[Black "Umpfenbach, Caroline"]
[Result "0-1"]
[WhiteElo "2222"]
[BlackElo "2072"]
[PlyCount "80"]
[EventDate "2002.09.28"]
[EventType "team-tourn"]
[EventRounds "9"]
[EventCountry "ITA"]
[Source "ChessBase"]
[SourceDate "2002.11.07"]

1. d4 e6 2. Nf3 f5 3. g3 b6 4. Bg2 Bb7 5. c4 Nf6 6. O-O a5 7. Nc3 Na6 8. b3 Bb4
9. Bb2 O-O 10. e3 Rb8 11. Qe2 Qe8 12. Nd2 Bxg2 13. Kxg2 Qc8 14. f3 d5 15. a3
Bxc3 16. Bxc3 Qb7 17. Rae1 c5 18. Kg1 Rbe8 19. dxc5 Nxc5 20. Bxf6 Rxf6 21. b4
axb4 22. axb4 Na6 23. Rb1 dxc4 24. b5 Nc5 25. Nxc4 e5 26. Rbd1 Qe7 27. Rd5 Re6
28. Rfd1 f4 29. e4 fxg3 30. hxg3 Qg5 31. Kg2 Rg6 32. Qf2 h5 33. Nd6 Rf8 34. Nf5
h4 35. Rxe5 hxg3 36. Qg1 Ne6 37. Kf1 g2+ 38. Kf2 Rd8 39. Rdd5 Rxd5 40. exd5 Nf4
0-1

[Event "Mitropa Cup (Women) 1st"]
[Site "Saint Vincent"]
[Date "2002.09.28"]
[Round "1"]
[White "Marchadour, Claire"]
[Black "Lallemand, Roza"]
[Result "1-0"]
[WhiteElo "2081"]
[BlackElo "2301"]
[PlyCount "121"]
[EventDate "2002.09.28"]
[EventType "team-tourn"]
[EventRounds "9"]
[EventCountry "ITA"]
[Source "ChessBase"]
[SourceDate "2002.11.07"]

1. e4 c5 2. Nf3 Nc6 3. d4 cxd4 4. Nxd4 Qc7 5. Nb5 Qb8 6. c4 a6 7. N5c3 Nf6 8.
Be3 e6 9. f4 d6 10. Be2 Be7 11. O-O O-O 12. Nd2 Bd7 13. h3 Qc7 14. a3 Na7 15.
Rc1 b6 16. Qe1 Bc8 17. Qf2 Nd7 18. g4 Bb7 19. g5 Qd8 20. h4 Nc6 21. b4 Rc8 22.
Na4 e5 23. Nxb6 Nxb6 24. Bxb6 Qe8 25. Bg4 Ra8 26. f5 Bd8 27. Bxd8 Qxd8 28. f6
gxf6 29. Qxf6 Nd4 30. Qh6 Bc8 31. Bf5 Bxf5 32. exf5 f6 33. Ne4 Ne2+ 34. Kh2 Ra7
35. Nxf6+ Kh8 36. Rcd1 Nd4 37. Ne4 Nxf5 38. Rxf5 Rxf5 39. Rxd6 Qf8 40. Qe6 Re7
41. Qd5 Rf4 42. Rd8 Re8 43. Rxe8 Qxe8 44. Nf6 Qb8 45. h5 Rd4 46. Nd7 Rxd5 47.
Nxb8 Rd2+ 48. Kg1 Rd4 49. c5 Rg4+ 50. Kf2 Rxg5 51. Nxa6 Rxh5 52. c6 Rh2+ 53.
Ke3 Rc2 54. Nc5 Rc3+ 55. Ke4 Rxa3 56. Kxe5 h5 57. c7 Ra8 58. b5 h4 59. Kf4 Rg8
60. Nd3 h3 61. Nf2 1-0

[Event "Mitropa Cup (Women) 1st"]
[Site "Saint Vincent"]
[Date "2002.09.28"]
[Round "1"]
[White "Milliet, Sophie"]
[Black "Verot, Melanie"]
[Result "0-1"]
[WhiteElo "2173"]
[BlackElo "2077"]
[PlyCount "72"]
[EventDate "2002.09.28"]
[EventType "team-tourn"]
[EventRounds "9"]
[EventCountry "ITA"]
[Source "ChessBase"]
[SourceDate "2002.11.07"]

1. e4 c5 2. Nc3 a6 3. g3 b5 4. Bg2 Bb7 5. Nge2 Nc6 6. d4 cxd4 7. Nxd4 e6 8. O-O
Bc5 9. Be3 Qb6 10. Nxc6 Bxe3 11. Ne5 Bd4 12. Nxd7 Qa7 13. a4 b4 14. Ne2 Bxb2
15. Rb1 Rd8 16. Rxb2 Rxd7 17. Qb1 a5 18. c3 Ne7 19. cxb4 axb4 20. Rxb4 Ba6 21.
Rb8+ Bc8 22. Qb3 O-O 23. Rc1 Rd2 24. Bf3 Rfd8 25. Rb6 Ba6 26. Re1 R2d3 27. Qb4
Rxf3 28. Nd4 Rd3 29. Nb3 Rd1 30. Rxd1 Rxd1+ 31. Kg2 Bf1+ 32. Kf3 Rd3+ 33. Kg4
f5+ 34. Kg5 h6+ 35. Kh4 Ng6+ 36. Kh5 Be2+ 0-1

[Event "Mitropa Cup (Women) 1st"]
[Site "Saint Vincent"]
[Date "2002.09.29"]
[Round "2"]
[White "Fittante, Giuliana"]
[Black "Milliet, Sophie"]
[Result "0-1"]
[WhiteElo "2011"]
[BlackElo "2173"]
[PlyCount "68"]
[EventDate "2002.09.28"]
[EventType "team-tourn"]
[EventRounds "9"]
[EventCountry "ITA"]
[Source "ChessBase"]
[SourceDate "2002.11.07"]

1. e4 c5 2. d4 cxd4 3. c3 dxc3 4. Nxc3 Nc6 5. Nf3 e6 6. Bc4 Qc7 7. Qe2 Nf6 8.
O-O Ng4 9. g3 d6 10. Bf4 Nge5 11. Bxe5 dxe5 12. Rfd1 Be7 13. Rac1 O-O 14. Bb5
a6 15. Ba4 Qb8 16. Rd2 b5 17. Bb3 Na5 18. Bd1 Nc4 19. Rdc2 Bd7 20. Qf1 Rc8 21.
Be2 Nb6 22. Qh3 Bf6 23. a3 Bc6 24. Rd1 Qb7 25. Bd3 Rd8 26. Rcd2 Rd7 27. Bc2
Rxd2 28. Rxd2 Nc4 29. Re2 Nxb2 30. Qh5 Nc4 31. Bb3 g6 32. Qh3 Nxa3 33. Rb2 Bxe4
34. Nxe4 Qxe4 0-1